Visualizzazione normale
Vista MARC
- Teologia dogmatica. Grazia
di Genre/Form Term
Records bibliografici associati: 1
001 - CONTROL NUMBER
- control field: 58482
003 - CONTROL NUMBER IDENTIFIER
- control field:
005 - DATE AND TIME OF LATEST TRANSACTION
- control field: 20200910180031.0
008 - FIXED-LENGTH DATA ELEMENTS
- fixed length control field: 200910|| aca||aabn | a|a d
040 ## - CATALOGING SOURCE
- Original cataloging agency:
- Transcribing agency:
155 ## - HEADING--GENRE/FORM TERM
- Genre/form term: Teologia dogmatica. Grazia
- General subdivision: Giustificazione
670 ## - SOURCE DATA FOUND
- Source citation: Work cat.: ()0: Pitta, Antonio, sacerdote, 1959-, autore. 58480, Giustificati per grazia :